000 00535nam a22001937a 4500
003 OSt
005 20140310181719.0
008 130228t xxu||||| |||| 00| 0 eng d
020 _a9789715425735
050 _aR 834
_b.T42 2010
100 _aSana, Erlyn A.
245 _aTeaching and learning in the health sciences /
_cErlyn A. Sana
260 _aDiliman, Quezon City :
_bUniversity of the Philippines,
_c2010.
300 _a459 p. :
_bill. ;
_c26 cm.
521 _aEDU
562 _e1
942 _2lcc
_cBK
_kLOC
999 _c1910
_d1910